| 000 | 03984nkm0a2200649 4500 | ||
|---|---|---|---|
| 001 | RU\NLR\BIBL_A\022627811 | ||
| 005 | 20260204000000.0 | ||
| 020 |
_aRU _b44-2518 (1944, № 3-4) _9Летопись изоизданий / ВКП. - Москва, 1948. - Вып. 1944, № 3-4. - С. 79 |
||
| 035 | _a(NLR Aleph) 022627811 | ||
| 071 | 5 | 0 |
_a43-в _d6 коп. |
| 090 |
_a89048 _c89048 |
||
| 100 | _a20250922d1944 u y0rusy50 ca | ||
| 101 | 0 | _arus | |
| 102 | _aRU | ||
| 116 | _aiiycxx bi ae | ||
| 135 | _acrcn 024anaba | ||
| 181 | 0 |
_ab4 _bxb2e |
|
| 182 | 0 | _an | |
| 200 | 1 |
_aДа здравствует Военно-морской флот СССР _eвоинское _e[закрытое письмо] _fхуд. П. Мальцев |
|
| 203 |
_aИзображение _bнеподвижное _bдвухмерное _bвизуальное _cнепосредственное |
||
| 210 |
_a[Москва] _c"Советский график" Всекохудожника по заказу УВПП _d[1944] |
||
| 215 |
_a1 л. (слож. вдвое) _cцв. литогр. _d19,8х15,5 (10,4х15,5) |
||
| 300 | _aНа закрытом письме также текст: Смерть немецким захватчикам! | ||
| 300 | _aЗаказчик УВПП - Управление военно-полевой почты | ||
| 300 | _aДата публикации установлена по: Летопись изобразительного искусства. 1944. № 3-4. № 2518 | ||
| 300 | _aЦенз. разрешение: ГМ-100461 | ||
| 301 | _aИзд. номер: № 43-в | ||
| 309 | _aДвойной формуляр, без клеевой полосы | ||
| 316 |
_aЭкз. РНБ на шифре Э О-ЗП-3/1944-М, Эот100994: 20х15,5 (10,2х15,5) см _5NLR: Э О-ЗП-3/1944-М |
||
| 316 |
_aЭкз. РНБ на шифре Э О-ЗП-3/1944-М, Эот100996: 20,3х15,7 (12х15,7) см _5NLR: Э О-ЗП-3/1944-М |
||
| 325 | _aКопия доступна в Электрон. б-ке РНБ | ||
| 327 | 0 | _aСоветские боевые корабли, в небе военные самолеты | |
| 606 | 1 |
_aПочтовые открытки маркированные художественные _yСССР _z1941 - 1945 _2nlr_sh2 _3RU\NLR\AUTH\661531868 |
|
| 606 | 1 |
_aНадводные военные корабли _yСССР _z1941 - 1945 _jОткрытки _2nlr_sh1 _2nlr_sh2 _3RU\NLR\AUTH\661367554 |
|
| 610 | 1 | _aЗакрытые письма | |
| 686 | 1 | _aЩ153(2)7-489 | |
| 700 | 1 |
_aМальцев _bП. Т. _f1907-1993 _gПетр Тарасович _4040 |
|
| 712 | 0 | 1 |
_aСССР _bВоенно-морской флот _3RU\NLR\AUTH\8810144476 _4570 |
| 712 | 0 | 1 |
_aСССР _bГлавное управление связи Красной Армии _bУправление военно-полевой почты _3RU\NLR\AUTH\880618205 _4570 |
| 712 | 0 | 2 |
_a"Советский график", всероссийское товарищество художников-графиков _3RU\NLR\AUTH\880618204 _4650 |
| 830 | _aТехника печати - см. Летопись изоизданий. АЯ ОЭФ | ||
| 852 | 0 | 0 |
_aNLR _bЭ _jО-ЗП-3/1944-М _mЭот100993 |
| 852 | 0 | 0 |
_aNLR _bЭ _jО-ЗП-3/1944-М _mЭот100994 |
| 852 | 0 | 0 |
_aNLR _bЭ _jО-ЗП-3/1944-М _mЭот100995 |
| 852 | 0 | 0 |
_aNLR _bЭ _jО-ЗП-3/1944-М _mЭот100996 |
| 856 | 0 | _uhttps://vivaldi.nlr.ru/lo500003975/view | |
| 856 | 1 | _uhttps://vivaldi.nlr.ru/lo500003975/cover | |
| 856 | 2 | _uhttps://vivaldi.nlr.ru/lo500003975/text | |
| 942 | _cVISUAL | ||
| 945 | _aРоссийская национальная библиотека | ||
| 980 | _aNB | ||
| 980 | _aBV | ||
| 981 | 1 | 7 |
_a(17) Изографические материалы _b(17) Открытки |